000 00348nam a2200145Ia 4500
008 230917s9999||||xx |||||||||||||| ||und||
040 _e95085
_aMAIN
041 _aEnglish
082 _a822.33 S15H
100 _aShakespeare, William
245 0 _aHamlet
260 _aNew Delhi
_bPeacock Books
_c2000
300 _axxxviii, 140 p.
942 _cBK
999 _c113637
_d113637